000 00508nam a22001697a 4500
003 OSt
005 20251112113716.0
008 251112b |||||||| |||| 00| 0 eng d
020 _a971-685-643-1.
040 _aDWC-Main Lib.
_cOC
082 _aFil. 499.211 AL348 2005
100 _aALCARAZ , CID V.
245 _aFilipino 1 :
_bkomunikasyon sa akademikong Filipino/
_cCID V. ALCARAZ
260 _aQ.C. :
_bLorimar Publishing,
_cc2005.
300 _a137 p . ;
_c25 cm.
942 _2ddc
_cBK - FIL
_hFil.
_n0
999 _c5647
_d5647